| 000 | 01107cam a2200217 4500 | ||
|---|---|---|---|
| 001 | ABS64324 | ||
| 008 | 010822n2001 000 0 eng u | ||
| 035 | _a(Sirsi) u114249 | ||
| 245 | _aInjected cavity fills - the simplest way to comply with new building regulations for walls | ||
| 260 | _c2001 | ||
| 490 |
_aBuilding Engineer _v76(8) August 2001, 30(1) |
||
| 520 | _aThe new Building Regulations, which come into force 2002, will require U-values for walls for energy efficient buildings to be 0.35W/m2K. In order to meet this requirement, the National Cavity Insulation Association (NCIA) suggests that the easiest way is to increase the cavity width to 75mm and to use an injected cavity fill with a standard aerated block on the inner leaf. Publications available: e-mail NCIA at [email protected]. | ||
| 590 | _aABS | ||
| 650 | _aENERGY EFFICIENCY | ||
| 650 | _aENERGY EFFICIENT BUILDINGS | ||
| 650 | _aENERGY EFFICIENCY STANDARDS | ||
| 650 | _aCAVITY WALL INSULATION | ||
| 650 |
_aBUILDING REGULATIONS _96224 |
||
| 690 | _aBUILDING AND CONSTRUCTION-ENERGY MANAGEMENT | ||
| 942 | _n0 | ||
| 999 |
_c68054 _d68054 |
||